Bilecik Bilecik Bilecik Bilecik Bilecik

Temel mühendislik devre analizi/ (Record no. 51483)

MARC details
000 -BAŞLIK
Sabit Uzunluktaki Kontrol Alanı 01194nam a22003857a 4500
001 - KONTROL NUMARASI
Control Dosyası 0051663
003 - KONTROL NUMARASI KİMLİĞİ
Kontrol Alanı KOHA_MİRAKIL
005 - EN SON İŞLEM TARİHİ ve ZAMANI
Kontrol Alanı 20260207003813.0
007 - FİZİKSEL TANIM SABİT ALAN - GENEL BİLGİ
Sabit uzunluklu kontrol alanı ta
008 - SABİT UZUNLUKTAKİ VERİ ÖGELERİ - GENEL BİLGİ
Sabit Alan 160215b2015 tu a|||gr||||#||||0|tur |
020 ## - ISBN - ULUSLARARASI STANDART KİTAP NUMARASI
Isbn 9786051334257
040 ## - KATALOGLAMA KAYNAĞI
Özgün Kataloglama Kurumu TR-BiSEU
Kataloglama Dili tur
Çeviri Kurumu TR-BiSEU
Açıklama Kuralları rda
041 0# - DİL KODU
Metin ya da ses kaydının dil kodu tur
044 ## - YAYINLAYAN/ÜRETEN KURULUŞUN ÜLKE KODU
ISO country code tu
050 ## - SINIFLAMA ve YER NUMARASI
Sınıflama Numarası TK454
Yer Numarası .I78 2015
100 1# - KİŞİ ADI
Yazar Adı (Kişi adı) Irwin, J. David.
245 1# - ESER ADI BİLDİRİMİ
Başlık Temel mühendislik devre analizi/
Sorumluluk Bildirimi J. David Irwin ; J. David Irwin ; çeviri editörü M. Timur Aydemir ; çevirenler Hasan Dağ ... [ve bşk].
250 ## - BASIM BİLDİRİMİ
Basım Bildirimi 10. Basımdan çeviri
264 #1 - ÜRERİM, YAYIN, DAĞITIM ve TELİF BİLDİRİMİ
Yayın yeri Ankara :
Yayınlayan Nobel
Yayın tarihi 2015
300 ## - FİZİKSEL TANIMLAMA
Sayfa, Cilt vb. XV, 839 sayfa :
Diğer fiziki detaylar resimli ;
Boyutları 28 cm.
336 ## - İÇERİK TÜRÜ
Content type term metin
Content type code txt
Source rdacontent
337 ## - MEDYA TÜRÜ
Media type term aracısız
Media type code n
Source rdamedia
338 ## - TAŞIYICI TÜRÜ
Carrier type term cilt
Carrier type code nc
Source rdacarrier
490 1# - DİZİ BİLDİRİMİ
Dizi Bildirimi Yayın nu.
490 1# - DİZİ BİLDİRİMİ
Dizi Bildirimi ;
Cilt Numarası 523.
490 1# - DİZİ BİLDİRİMİ
Dizi Bildirimi Teknik mühendislik ;
Cilt Numarası 40.
500 ## - GENEL NOT
Genel Not Dizin var.
650 #0 - KONU BAŞLIĞI EK GİRİŞ - KONU TERİMİ
Konusal terim veya coğrafi ad Elektrik devre analizi.
9 (RLIN) 4185
650 #0 - KONU BAŞLIĞI EK GİRİŞ - KONU TERİMİ
Konusal terim veya coğrafi ad Electric circuit analysis.
9 (RLIN) 11588
650 #0 - KONU BAŞLIĞI EK GİRİŞ - KONU TERİMİ
Konusal terim veya coğrafi ad Doğru akım devreleri.
9 (RLIN) 76909
830 1# - SERİ EK GİRİŞİ - TEKBİÇİM ESER ADI
Tekbiçim Başlık Yayın nu.
9 (RLIN) 9059
830 1# - SERİ EK GİRİŞİ - TEKBİÇİM ESER ADI
Tekbiçim Başlık ;
Volume number/sequential designation 523.
9 (RLIN) 1620
830 1# - SERİ EK GİRİŞİ - TEKBİÇİM ESER ADI
Tekbiçim Başlık Teknik mühendislik ;
Volume number/sequential designation 40.
9 (RLIN) 95257
942 ## - EK GİRİŞ ÖGELERİ (KOHA)
Source of classification or shelving scheme Library of Congress Classification
Koha item type Book
Holdings
Materyal Türü Kalıcı Konum Mevcut Konum Raf Yeri Sınıflandırma Kaynağı Edinim Bilgisi Ana Konular Alt Konular Yer Numarası Demirbaş Numarası Fatura Tarihi Maliyet, Alış Fiyatı Maliyet, Yenileme Fiyatı Geri Çekilme Durumu Kayıp Durumu Hasarlı Durumu Kredi için değil Kayıt Tarih Toplam Ödünçverme Son Görülme Tarihi Son Kontrol Tarihi Satın Alma Notu
Book Prof. Dr. Azmi Özcan Kütüphanesi Prof. Dr. Azmi Özcan Kütüphanesi Birûni Salonu Library of Congress Classification Satın TEKNOLOJİ Elektrik Mühendisliği, Elektronik, Nükleer Mühendislik TK454 .I78 2015 0051663 07/07/2015 40.32 40.32         29/06/2015 6 05/12/2024 05/12/2024 B-984687 - B-984797
Book Prof. Dr. Azmi Özcan Kütüphanesi Prof. Dr. Azmi Özcan Kütüphanesi Birûni Salonu Library of Congress Classification Satın TEKNOLOJİ Elektrik Mühendisliği, Elektronik, Nükleer Mühendislik TK454 .I78 2015 0055641 08/02/2016 48.15 48.15         15/02/2016 11 05/12/2024 05/12/2024 PAE 2016000001394